00684nam a22002177a 450000500170000001000130001702000190003003500130004903700160006204000120007808200130009010000250010324501060012824600060023426000470024027000490028730000250033650000510036165000370041265000170044920170124105927.0 aA-716403 c00a8170187478 haA-716403 bCen Lib/Ret aDPLbEN a330bMOH aMohsen, Shahbazzadeh aRole of multinational companies in nation's economy :cby Shahbazzadeh Mohsenba case study of Iran / b  bB.R. Publishing Corporation c1994aDelhi  bDelhi aA-6, nimri community centre e110052 axii, 442p.c20cm(Hb) aIncludes bibliographical references and index  aNational development planzIran  aEnterprises